000
00301nam a22001337a 4500
008
180917b xxu||||| |||| 00| 0 eng d
020
_a
9780323069519
041
_a
eng
080
_2
6 ED
_a
610. 73
100
_a
2
101
_a
NUR
245
_a
Psychiatric Nursing
_c
Keltne rN.L
942
_2
udc
_c
BK
999
_c
47836
_d
47836